| 000 | 02247nam a2200469Ii 4500 | ||
|---|---|---|---|
| 001 | DIGEDIUOC216 | ||
| 003 | NyNyDIG | ||
| 008 | 140801s2010 sp ob 000 0 spa d | ||
| 006 | m o d | ||
| 007 | cr ||||||||||| | ||
| 020 |
_a9788490290729 _q(eBook) |
||
| 020 | _z9788497880299 | ||
| 020 | _z8497880293 | ||
| 035 | _a(OCoLC)823655980 | ||
| 040 |
_aDGITA _beng _erda _epn _cDGITA |
||
| 050 | 1 | 4 | _aLC191 eBook |
| 245 | 0 | 0 |
_aEncrucijadas de la educación social : _borientaciones, modelos y prácticas / _cVioleta Núñez (coord.) ; Hebe Tizio, Encarna Medel, Segundo Moyano. |
| 250 | _aPrimera edición en lengua castellana. | ||
| 264 | 1 |
_aBarcelona : _bUniversitat Oberta de Catalunya, _c2010. |
|
| 300 | _a1 online resource (325 pages) | ||
| 336 |
_atext _btxt _2rdacontent |
||
| 337 |
_acomputer _bc _2rdamedia |
||
| 338 |
_aonline resource _bcr _2rdacarrier |
||
| 490 | 1 |
_aManuales ; _v175. _aEducación social |
|
| 504 | _aIncludes bibliographical references. | ||
| 505 | 0 | _aIntroducción / Violeta Núñez -- El lugar de los modelos / Violeta Núñez -- El control social / Violeta Núñez -- Un nuevo paradigma / Violeta Núñez -- La práctica educativa en educación social / Segundo Moyano -- Elementos que configuran los modelos educativos / Encarna Medel -- Nuevos y viejos hilos para tejer oportunidades/ Violeta Núñez. | |
| 588 | 0 | _aOnline resource; title from ePub and PDF title page (Digitalia, viewed August 10, 2014) | |
| 650 | 0 | _aEducational sociology | |
| 655 | 0 | _aElectronic books. | |
| 700 | 1 |
_aNúñez, Violeta, _d1950- _eeditor. |
|
| 700 | 1 |
_aTizio, Hebe, _eauthor. |
|
| 700 | 1 |
_aMedel, Encarna, _eauthor. |
|
| 700 | 1 |
_aMoyano Mangas, Segundo, _eauthor. |
|
| 791 | 2 |
_aDigitalia (Firm), _edistributor. |
|
| 793 | 0 |
_gDigitalia eBook Collection: _aUniversitat Oberta de Catalunya. |
|
| 776 | 0 | 8 |
_iPrint version: _tEncrucijadas de la educación social : _borientaciones, modelos y prácticas. _dBarcelona : Universitat Oberta de Catalunya, 2010. _z9788497880299 |
| 830 | 0 | _aEducación social (Editorial UOC) | |
| 830 | 0 |
_aManuales (Editorial UOC) ; _v175 |
|
| 856 | 4 | 0 |
_3Digitalia Hispánica _uhttps://www.digitaliapublishing.com/a/20124/ |
| 910 | _aPremium Collection: 2013 | ||
| 942 | _cRAA | ||
| 999 |
_c236789 _d236789 |
||